La divina comedia /

Colección conformada por 40 volúmenes (de la cual el Iteso cuenta con 39) en la que se reúnen las obras fundamentales de la literatura universal. La selección comprende distintos géneros, como novela, poesía, cuento, teatro, epístolas, biografías, oratoria, relatos históricos y tratados filosóficos,...

Descrizione completa

Salvato in:
Dettagli Bibliografici
Autore principale: Alighieri, Dante (autor)
Altri autori: Borges, Jorge Luis (preliminares) (preliminares)
Natura: Libro
Lingua:spagnolo
Pubblicazione: Buenos Aires, Argentina : W.M. Jackson, 1960, c1960
Edizione:4a edición
Serie:(Clásicos Jackson ; Segunda Serie) 31 .
Soggetti:
Tags: Aggiungi Tag
Nessun Tag, puoi essere il primo ad aggiungerne!!

MARC

LEADER 00000nam^a2200000^a^4500
001 000361483
005 20250521000000.0
009 20260310115453.582
037 |a Acervo ITESO - Biblioteca 
041 |a ESP 
082 |a 808. 8  |b JAC V. 31 
100 |a Alighieri, Dante  |e (autor) 
240 1 4 |a [La divina comedia] 
245 1 3 |a La divina comedia /  |c D. Alighieri ; prelim. de J.L. Borges. 
250 |a 4a edición 
264 4 |a Buenos Aires, Argentina :  |b W.M. Jackson,  |c 1960, c1960 
300 |a XXVIII, 503 p. 
336 |a texto  |b txt  |2 rdacontenido 
337 |a sin mediación  |b n  |2 rdamedio 
338 |a volumen  |b nc  |2 rdasoporte 
440 1 |a (Clásicos Jackson ;  |v 31 .  |p Segunda Serie) 
520 |a Colección conformada por 40 volúmenes (de la cual el Iteso cuenta con 39) en la que se reúnen las obras fundamentales de la literatura universal. La selección comprende distintos géneros, como novela, poesía, cuento, teatro, epístolas, biografías, oratoria, relatos históricos y tratados filosóficos, que abarcan desde la Grecia antigua hasta principios del siglo XX. Cada volumen incluye un estudio preliminar en el que se describe y valora las cualidades literarias de las obras en cuestión. 
545 0 |a Dante Alighieri, apodado el Poeta Supremo, considerado el padre de la lengua italiana, nació en Florencia hacia 1265, perteneciente a la pequeña nobleza güelfa, aunque de familia de escasos recursos económicos. Conocido especialmente por su obra La divina comedia, escrita entre 1304 y 1321 año de su muerte; esta obra, compuesta en versos endecasílabos, que consta de un total de cien cantos, le valió el reconocimiento en vida; es considerada una de las grandes cumbres de la literatura universal y fundamental en la transición del pensamiento medieval al renacentista. Otras de sus obras son: La flor (Il Fiore), uno de sus primeros escritos; Vida nueva (Vita nuova, 1282-1293); El Convite (1304-1307); La lengua vulgar (1303-1304); y La monarquía (1313). 
649 |a XX 
650 |a Poesía Medieval -  |z Italia 
650 |a Poesía Italiana 
650 |a Literatura Cristiana -  |z Italia 
650 |a Religión y Literatura -  |z Italia 
650 |a Literatura Medieval -  |z Italia 
650 |a Literatura Italiana -  |y Siglo XIV 
650 |a Literatura Italiana -  |y Hasta 1400 
650 |a Infierno en la Literatura 
650 |a Purgatorio en la Literatura 
650 |a Cielo en la Literatura 
650 |a Vida después de la Muerte en la Literatura 
650 |a Vida después de la Muerte -  |x Tema Principal 
700 |a Borges, Jorge Luis  |e (preliminares) 
910 |a Fondo General 
920 |a Impresos - Libros 
930 |a Colección General 
940 |a Literatura 
905 |a 101 
901 |a 0500254630  |b IT1  |c LIT  |i D72024  |u 20250521 
902 |a https://opac.biblio.iteso.mx/vufind/Record/000361483